000 01998cam a2200169 4500500
005 20260111091956.0
041 _afre
042 _adc
100 1 0 _aDaudin, Claire
_eauthor
245 0 0 _aArtus O. et Ferry J. (Dir.), L’identité dans l’Écriture. Hommage au professeur Jacques Briend, coll. Lectio divina 228, Paris, Cerf, 2009, 22x14, 404 p., 42 €. ISBN 978-2-204-08703-2
260 _c2010.
500 _a90
520 _aLes personnages d’enfants, dans les romans de Bernanos, sont les victimes d’adultes prédateurs qui les violentent, les acculent au suicide ou les assassinent. En l’absence de figure paternelle protectrice et bienveillante, seul le narrateur assume à leur égard une attitude de respect qui les rétablit dans leur dignité. La grave défaillance des pères, qui culmine dans les personnages de pédophiles, exprime sur le mode romanesque un désamour de l’humanité pour elle-même qui confine à l’autodestruction. L’humiliation des enfants est la marque ultime d’un refus du salut que le romancier, sondant les ténèbres, s’acharne à proclamer.
520 _aThe child characters, in the novels of Bernanos, are the victims of predatory adults who assault them sexually, who drive them to suicide or who kill them. In the absence of a protective and benevolent father figure, only the narrator assumes towards them an attitude of respect which restores them to their dignity. The serious deficiency of fathers which reaches its lowest point in the characters of paedophiles, expresses in fictional mode, an antipathy towards humanity in itself which borders on self-destruction. The humiliation of children is the ultimate sign of a refusal of salvation which the novelist, plumbing the depths, is determined to proclaim.
786 0 _nNouvelle revue théologique | 132 | 3 | 2010-07-01 | p. 464b-465b | 0029-4845
856 4 1 _uhttps://shs.cairn.info/revue-nouvelle-revue-theologique-2010-3-page-464b?lang=fr&redirect-ssocas=7080
999 _c1622499
_d1622499